Overenie systému chladenia obytných priestorov využitím radiátorov

Saved in:
Bibliographic Details
Main Author: Belák, Pavel (Author)
Other Authors: Masaryk, Michal (Thesis advisor)
Format: Manuscript Book
Language:Slovak
Published: 2024
Subjects:
Online Access:http://is.stuba.sk/zp/portal_zp.pl?podrobnosti=186339
Tags: Add Tag
No Tags, Be the first to tag this record!

MARC

LEADER 00000ntm a22000003a 4500
001 stuzp98525
003 SK-STU
005 20241114133057.5
007 ta
008 150427s2015----xo-----f-mn---000-0-slo-d
040 |a STU  |b slo 
041 0 |a slo 
100 1 |a Belák, Pavel  |u 020060  |4 aut  |U SjF Strojnícka fakulta  |T SjF Ústav energetických strojov a zariadení  |X 115870  |U J0060  |Y 805  |7 115870 
242 0 1 |a Verification of thermal radiators in appartments as cooling bodies  |y eng 
245 1 0 |a Overenie systému chladenia obytných priestorov využitím radiátorov 
260 |c 2024 
650 4 |a radiátor  |2 slo 
650 4 |a ventilár  |2 slo 
650 4 |a voľná konvekcia  |2 slo 
650 4 |a nútená konvekcia  |2 slo 
650 4 |a chladiaci výkon  |2 slo 
650 4 |a forced fonvection  |2 eng 
650 4 |a cooling capacity  |2 eng 
650 4 |a radiator  |2 eng 
650 4 |a free convection  |2 eng 
650 4 |a fan  |2 eng 
700 1 |a Masaryk, Michal  |u 020060  |k Z1  |4 ths  |U SjF Strojnícka fakulta  |T SjF Ústav energetických strojov a zariadení  |X 3392  |U J0060  |Y 805  |7 A000003392 
856 4 |u http://is.stuba.sk/zp/portal_zp.pl?podrobnosti=186339 
996 |b 284J047633  |c J* 3728/DBP  |l JJSK  |s A  |a 24  |w stuzp98525_0001